000 00574nam a22001577a 4500
999 _c534574
_d534574
020 _qHard Cover.
082 _a620.44
100 _aAli, Zeeshan
245 _aOptimized Synthesis and Characterization of TiO2 Nanotubes via Electrochemical Anodization Method for Application in DSSCs /
_cZeesha Ali.
260 _aIslamabad:
_bSCME - NUST,
_c2015.
300 _a77 p. :
_bill. ;
_c30cm.
942 _2ddc
_cTHE
650 _aMaterial and Surface Engineering MS-Thesis.
_916443
700 _aDr. Muhammad Mujahid
_919372